[Event "NOR-chT Eliteserien 2018-19"]
[Site "Norway"]
[Date "2019.01.13"]
[Round "6"]
[White "Mikalsen, Erlend"]
[Black "Ostenstad, Berge"]
[Result "1-0"]
[WhiteElo "2357"]
[BlackElo "2440"]
[Annotator "TA"]
[PlyCount "107"]
[EventDate "2018.11.02"]
[EventType "team-tourn"]
[EventCountry "NOR"]
[SourceTitle "playchess.com"]
[Source "ChessBase"]
[SourceQuality "1"]

{[%evp 17,107,-8,10,-14,18,0,14,15,12,14,15,19,38,48,29,-56,-56,-53,-46,-69,-2,-7,0,-66,0,-24,-18,-24,-22,-44,-6,-67,-29,-61,-10,-12,-9,-21,-21,-41,0,0,0,0,0,0,0,0,-5,-34,0,0,18,61,196,196,232,229,421,110,108,108,108,108,106,110,5369,5145,6498,6183,29955,29958,29961,5437,5417,5417,5417,5417,5105,5069,842,842,833,823,29976,29977,29976,29977,29980,29981,29979,29975]} 1. e4 e6 2. d4 d5 3. Nc3 Bb4 4. e5 c5 5. a3 Bxc3+ 6. bxc3 Qa5 7. Bd2 Qa4 8. Qg4 Kf8 9. h4 {C18: French: 3 Nc3 Bb4: Main line: 7 h4 and 7 Qg4} Nc6 {LiveBook: 6 Games} 10. Qd1 (10. h5 h6 11. Qd1 cxd4 12. Nf3 dxc3 13. Bxc3 g5 14. hxg6 Qe4+ 15. Be2 Qxg6 16. Qd2 Nge7 17. Bd3 Qxg2 18. Ke2 Qg4 19. Rh4 Qg7 20. Rg1 Ng6 21. Rf4 Nce7 22. Bb4 a5 23. Rxg6 {1-0 (23) Caruana,F (2804)-Lenderman,A (2599) Saint Louis 2018}) 10... b6 11. h5 {The position is equal.} h6 12. Nf3 Ba6 13. Bxa6 $146 ({Predecessor:} 13. Rh4 Bxf1 14. Kxf1 Nge7 15. dxc5 Qa6+ 16. Qe2 Qxe2+ 17. Kxe2 bxc5 {0-1 (46) Olivares Olivares,C (2354)-Diaz Villagran,R (2265) Quilpue 2018}) 13... Qxa6 14. Qe2 Qa4 15. dxc5 bxc5 16. Rh4 ({Better is} 16. c4 $11) 16... c4 $15 17. Be3 Qa5 $36 {[%mdl 2048] White is under pressure.} 18. Kd2 Rb8 (18... Nge7 $15) 19. Rhh1 $11 Nge7 20. g4 {[#]} (20. Rab1 $11) 20... Ke8 (20... d4 $1 $15 {[%mdl 512]} 21. Bxd4 Rd8) 21. Bd4 Kd7 22. Qe3 Rhd8 23. Rhb1 Ke8 24. Qe1 ({White should try} 24. Rxb8 $11 Rxb8 25. a4) 24... a6 25. Ke2 Qc7 (25... Rxb1 $15 26. Rxb1 Qxa3) 26. Kf1 Rxb1 27. Rxb1 {Strongly threatening Bb6.} Rb8 28. Rxb8+ Qxb8 (28... Nxb8 {looks sharper.} 29. Kg2 Nd7 30. Nh2 Qb8 31. Qc1 Kf8) 29. Bc5 Qb5 (29... Nc8 {with more complications.} 30. Qe3 Qb1+ 31. Ne1 Qb5 32. f4 Nd8) 30. Bxe7 Kxe7 31. Qe3 Kf8 32. Kg2 Qa5 33. Nd4 Ne7 34. f4 Qxa3 35. f5 exf5 (35... Qa4 $1 $14) 36. gxf5 $18 {And now f6 would win.} Qa4 37. f6 Ng8 $2 (37... Qe8 38. Qg3 (38. fxe7+ Qxe7 39. Nf3 Kg8 $18) 38... gxf6) 38. Qg3 $2 (38. fxg7+ $18 {is the precise move to win.} Kxg7 39. e6) 38... gxf6 $16 39. exf6 Nxf6 {...Qe8 is the strong threat.} 40. Qd6+ {[%mdl 64] Double Attack} Kg7 {aiming for ...Qd7.} 41. Nf5+ Kg8 $2 {[%mdl 8192]} (41... Kh7 $16 42. Qxf6 Qxc2+ 43. Kh3 Qd3+ 44. Ng3 Kg8 45. Qxh6 d4 46. Qg5+ (46. Qxa6 dxc3 47. Qc8+ Kh7 $11) 46... Kh7 47. cxd4 Qxd4 48. Qf5+ Kg8 49. Qc8+ Kh7) 42. Nxh6+ $18 Kh7 43. Qxf6 Qxc2+ 44. Kg3 Qd3+ 45. Kh4 {Ng4 would kill now.} Qe4+ 46. Ng4 Qh1+ 47. Kg5 Qc1+ 48. Kf5 Qb1+ 49. Kf4 $1 {Threatening mate with Qh6+.} Qf1+ {[#]} 50. Kg3 $1 Qg1+ {[#]} 51. Kh3 $1 {White mates.} Qh1+ 52. Nh2 Qe4 53. Qxf7+ Kh8 54. Nf3 {Accuracy: White = 47%, Black = 28%.} 1-0

[Event "NOR-chT Eliteserien 2018-19"]
[Site "Norway"]
[Date "2019.01.13"]
[Round "6"]
[White "Dahl, Trygve"]
[Black "Ranaldi, Lucas"]
[Result "0-1"]
[WhiteElo "2342"]
[BlackElo "2230"]
[Annotator "NA"]
[PlyCount "114"]
[EventDate "2018.11.02"]
[EventType "team-tourn"]
[EventCountry "NOR"]
[SourceTitle "playchess.com"]
[Source "ChessBase"]
[SourceQuality "1"]
[TimeControl "40/5400+30:1800+30"]

1. e4 {[%emt 0:00:00]} c6 {[%emt 0:07:40]} 2. d4 {[%emt 0:00:00]} d5 {[%emt 0:00:06]} 3. exd5 {[%emt 0:00:00]} cxd5 {[%emt 0:00:05]} 4. Bd3 {[%emt 0:00:00]} Nc6 {[%emt 0:00:09]} 5. c3 {[%emt 0:00:00]} Nf6 {[%emt 0:00:10]} 6. h3 {[%emt 0:00:03]} g6 {[%emt 0:00:31]} 7. Nf3 {[%emt 0:02:19]} Bg7 {[%emt 0:01:40]} 8. Bf4 {[%emt 0:00:44]} Bf5 {[%emt 0:01:04]} 9. Bxf5 {[%emt 0:01:48]} gxf5 {[%emt 0:00:08]} 10. Ne5 {[%emt 0:01:35]} O-O {[%emt 0:01:42]} 11. Qe2 {[%emt 0:01:10]} Nxe5 {[%emt 0:08:23]} 12. Bxe5 {[%emt 0:03:09]} Ne4 {[%emt 0:04:24]} 13. Bxg7 {[%emt 0:05:38]} Kxg7 {[%emt 0:00:57]} 14. O-O {[%emt 0:00:10]} Qd6 {[%emt 0:06:00]} 15. Re1 {[%emt 0:01:40]} e6 {[%emt 0:04:10]} 16. Nd2 {[%emt 0:05:48]} Kh8 {[%emt 0:14:26]} 17. f3 {[%emt 0:09:00]} Nxd2 {[%emt 0:00:58]} 18. Qxd2 {[%emt 0:00:07]} Rg8 {[%emt 0:01:18]} 19. Qe3 {[%emt 0:01:07]} Rg3 {[%emt 0:00:50]} 20. Kf1 {[%emt 0:09:01]} Rag8 {[%emt 0:02:52]} 21. Re2 {[%emt 0:00:09]} R8g7 {[%emt 0:06:56]} 22. Qe5 {[%emt 0:01:30]} Qd8 {[%emt 0:00:44]} 23. Qf4 {[%emt 0:04:18]} Qg8 {[%emt 0:06:05]} 24. Qe5 {[%emt 0:00:20]} h6 {[%emt 0:00:52]} 25. Rd1 {[%emt 0:02:01]} Kh7 {[%emt 0:00:48]} 26. Rdd2 {[%emt 0:01:03]} Qd8 {[%emt 0:04:50]} 27. Qf4 {[%emt 0:02:54]} a5 {[%emt 0:13:48]} 28. c4 {[%emt 0:07:25]} Qc8 {[%emt 0:05:53]} 29. c5 {[%emt 0:03:58]} Qc6 {[%emt 0:02:02]} 30. Qe3 {[%emt 0:08:02]} Qb5 {[%emt 0:03:03]} 31. Qb3 {[%emt 0:01:02]} Rxg2 {[%emt 0:01:07]} 32. Qe3 {[%emt 0:07:24]} a4 {[%emt 0:00:27]} 33. a3 {[%emt 0:01:20]} R7g3 {[%emt 0:00:45]} 34. h4 {[%emt 0:03:00]} h5 {[%emt 0:00:15]} 35. Rc2 {[%emt 0:02:05]} Kg6 {[%emt 0:01:10]} 36. Ke1 {[%emt 0:00:41]} Rg1+ {[%emt 0:00:15]} 37. Kd2 {[%emt 0:00:09]} Kh7 {[%emt 0:00:51]} 38. Rf2 {[%emt 0:08:02]} Qa5+ {[%emt 0:00:06]} 39. Qc3 {[%emt 0:00:37]} Qd8 {[%emt 0:00:49]} 40. Qb4 {[%emt 0:03:41]} Qxh4 {[%emt 0:00:29]} 41. Qxa4 {[%emt 0:30:08]} R3g2 {[%emt 0:12:35]} 42. Rxg2 {[%emt 0:00:00]} Rxg2+ {[%emt 0:00:10]} 43. Kd3 {[%emt 0:00:00]} Qf4 {[%emt 0:00:09]} 44. Rxg2 {[%emt 0:00:00]} Qxf3+ {[%emt 0:00:07]} 45. Kc2 {[%emt 0:00:00]} Qxg2+ {[%emt 0:00:04]} 46. Kb3 {[%emt 0:00:00]} h4 {[%emt 0:08:58]} 47. Qd7 {[%emt 0:00:00]} Kg7 {[%emt 0:00:18]} 48. Qxb7 {[%emt 0:00:00]} h3 {[%emt 0:00:07]} 49. c6 {[%emt 0:00:00]} h2 {[%emt 0:00:05]} 50. c7 {[%emt 0:00:00]} h1=Q {[%emt 0:00:06]} 51. c8=Q {[%emt 0:00:00]} Qd1+ {[%emt 0:00:17]} 52. Ka2 {[%emt 0:00:00]} Qe4 {[%emt 0:00:07]} 53. Qxf7+ {[%emt 0:00:00]} Kxf7 {[%emt 0:00:01]} 54. Qd7+ {[%emt 0:00:00]} Kg6 {[%emt 0:00:22]} 55. Qe8+ {[%emt 0:00:00]} Kg5 {[%emt 0:00:17]} 56. Qe7+ {[%emt 0:00:00]} Kg4 {[%emt 0:00:33]} 57. Qg7+ {[%emt 0:00:00]} Kf3 {[%emt 0:00:09]} 0-1

[Event "NOR-chT Eliteserien 2018-19"]
[Site "Norway"]
[Date "2019.01.13"]
[Round "6"]
[White "Gullaksen, Eirik"]
[Black "Getz, Nicolai"]
[Result "0-1"]
[WhiteElo "2341"]
[BlackElo "2392"]
[Annotator "NA"]
[PlyCount "106"]
[EventDate "2018.11.02"]
[EventType "team-tourn"]
[EventCountry "NOR"]
[SourceTitle "playchess.com"]
[Source "ChessBase"]
[SourceQuality "1"]
[TimeControl "40/5400+30:1800+30"]

1. e4 {[%emt 0:00:00]} e5 {[%emt 0:00:00]} 2. Nf3 {[%emt 0:00:00]} Nc6 {[%emt 0:00:00]} 3. Bb5 {[%emt 0:00:01]} a6 {[%emt 0:00:00]} 4. Ba4 {[%emt 0:00:14]} Nf6 {[%emt 0:00:16]} 5. O-O {[%emt 0:00:41]} b5 {[%emt 0:00:21]} 6. Bb3 {[%emt 0:00:11]} Bb7 {[%emt 0:00:10]} 7. Re1 {[%emt 0:00:34]} Bc5 {[%emt 0:00:31]} 8. d3 {[%emt 0:02:30]} d6 {[%emt 0:01:47]} 9. a3 {[%emt 0:00:34]} h6 {[%emt 0:06:27]} 10. Nc3 {[%emt 0:02:01]} O-O {[%emt 0:07:14]} 11. Nd5 {[%emt 0:03:47]} Nxd5 {[%emt 0:05:22]} 12. Bxd5 {[%emt 0:01:41]} Rb8 {[%emt 0:04:00]} 13. Be3 {[%emt 0:03:34]} Bxe3 {[%emt 0:16:26]} 14. Rxe3 {[%emt 0:01:13]} Ne7 {[%emt 0:04:10]} 15. Bxb7 {[%emt 0:01:57]} Rxb7 {[%emt 0:00:20]} 16. d4 {[%emt 0:00:30]} f6 {[%emt 0:12:14]} 17. b4 {[%emt 0:06:38]} Qe8 {[%emt 0:09:21]} 18. Qd3 {[%emt 0:08:26]} g5 {[%emt 0:03:04]} 19. c4 {[%emt 0:02:21]} Kg7 {[%emt 0:00:54]} 20. Rc1 {[%emt 0:05:03]} Qf7 {[%emt 0:01:21]} 21. c5 {[%emt 0:03:44]} Ra7 {[%emt 0:07:18]} 22. Re2 {[%emt 0:08:39]} Ng6 {[%emt 0:01:14]} 23. g3 {[%emt 0:00:15]} f5 {[%emt 0:06:58]} 24. exf5 {[%emt 0:15:18]} Qxf5 {[%emt 0:00:08]} 25. Qxf5 {[%emt 0:05:33]} Rxf5 {[%emt 0:00:06]} 26. Kg2 {[%emt 0:00:16]} g4 {[%emt 0:00:57]} 27. Nd2 {[%emt 0:00:26]} exd4 {[%emt 0:01:08]} 28. Re4 {[%emt 0:00:36]} dxc5 {[%emt 0:02:25]} 29. Rxc5 {[%emt 0:01:46]} Rxc5 {[%emt 0:00:12]} 30. bxc5 {[%emt 0:00:05]} Ra8 {[%emt 0:04:16]} 31. Rxd4 {[%emt 0:08:43]} Ne5 {[%emt 0:00:05]} 32. f4 {[%emt 0:00:16]} gxf3+ {[%emt 0:00:03]} 33. Nxf3 {[%emt 0:00:10]} Nc4 {[%emt 0:02:33]} 34. a4 {[%emt 0:05:57]} Kf6 {[%emt 0:01:48]} 35. g4 {[%emt 0:05:17]} Re8 {[%emt 0:00:54]} 36. Rf4+ {[%emt 0:01:47]} Kg7 {[%emt 0:00:49]} 37. axb5 {[%emt 0:00:50]} axb5 {[%emt 0:00:04]} 38. Nd4 {[%emt 0:00:48]} Ne3+ {[%emt 0:01:07]} 39. Kg3 {[%emt 0:02:22]} b4 {[%emt 0:00:50]} 40. Nc6 {[%emt 0:01:26]} b3 {[%emt 0:01:00]} 41. Rb4 {[%emt 0:31:08]} Nf1+ {[%emt 0:02:07]} 42. Kf2 {[%emt 0:00:00]} Nxh2 {[%emt 0:06:08]} 43. Na5 {[%emt 0:00:00]} b2 {[%emt 0:00:29]} 44. Kg3 {[%emt 0:00:00]} Nf1+ {[%emt 0:05:40]} 45. Kf4 {[%emt 0:00:00]} Ra8 {[%emt 0:00:36]} 46. Rxb2 {[%emt 0:00:00]} Rxa5 {[%emt 0:00:20]} 47. Rf2 {[%emt 0:00:00]} Ra4+ {[%emt 0:06:28]} 48. Ke5 {[%emt 0:00:00]} Ne3 {[%emt 0:00:07]} 49. Ke6 {[%emt 0:00:00]} Kg6 {[%emt 0:03:13]} 50. Kd7 {[%emt 0:00:00]} Nxg4 {[%emt 0:01:54]} 51. Rg2 {[%emt 0:00:00]} Rc4 {[%emt 0:00:27]} 52. c6 {[%emt 0:00:00]} Kf5 {[%emt 0:00:19]} 53. Kxc7 {[%emt 0:00:00]} Ne5 {[%emt 0:00:06]} 0-1

[Event "NOR-chT Eliteserien 2018-19"]
[Site "Norway"]
[Date "2019.01.13"]
[Round "6"]
[White "Klukin, Kirill"]
[Black "Aulin-Jansson, Joran"]
[Result "1/2-1/2"]
[WhiteElo "2326"]
[BlackElo "2258"]
[Annotator "NA"]
[PlyCount "175"]
[EventDate "2018.11.02"]
[EventType "team-tourn"]
[EventCountry "NOR"]
[SourceTitle "playchess.com"]
[Source "ChessBase"]
[SourceQuality "1"]
[TimeControl "40/5400+30:1800+30"]

1. Nf3 {[%emt 0:00:00]} d5 {[%emt 0:00:00]} 2. d4 {[%emt 0:00:00]} Nf6 {[%emt 0:00:00]} 3. c4 {[%emt 0:00:00]} e6 {[%emt 0:00:03]} 4. Nc3 {[%emt 0:00:00]} Be7 {[%emt 0:00:34]} 5. Bg5 {[%emt 0:00:16]} h6 {[%emt 0:02:12]} 6. Bh4 {[%emt 0:00:05]} O-O {[%emt 0:00:06]} 7. e3 {[%emt 0:00:02]} Nbd7 {[%emt 0:00:15]} 8. Qc2 {[%emt 0:00:10]} b6 {[%emt 0:00:27]} 9. cxd5 {[%emt 0:00:16]} exd5 {[%emt 0:05:22]} 10. Bd3 {[%emt 0:00:08]} Bb7 {[%emt 0:06:46]} 11. O-O {[%emt 0:00:21]} c5 {[%emt 0:01:28]} 12. Rfd1 {[%emt 0:06:07]} Re8 {[%emt 0:12:49]} 13. dxc5 {[%emt 0:03:48]} bxc5 {[%emt 0:04:08]} 14. Bb5 {[%emt 0:06:14]} a6 {[%emt 0:05:36]} 15. Ba4 {[%emt 0:01:19]} Rf8 {[%emt 0:00:19]} 16. Qf5 {[%emt 0:05:29]} g6 {[%emt 0:05:56]} 17. Qh3 {[%emt 0:06:22]} Nb6 {[%emt 0:01:59]} 18. Bc2 {[%emt 0:15:09]} Bc8 {[%emt 0:03:04]} 19. Qg3 {[%emt 0:00:26]} Nh5 {[%emt 0:01:07]} 20. Bxe7 {[%emt 0:02:15]} Qxe7 {[%emt 0:03:26]} 21. Qe5 {[%emt 0:00:10]} Qxe5 {[%emt 0:00:16]} 22. Nxe5 {[%emt 0:00:01]} Nf6 {[%emt 0:00:20]} 23. a4 {[%emt 0:04:01]} a5 {[%emt 0:08:08]} 24. f4 {[%emt 0:08:38]} Kg7 {[%emt 0:06:55]} 25. Rac1 {[%emt 0:04:28]} Ba6 {[%emt 0:03:39]} 26. Bd3 {[%emt 0:04:53]} Bxd3 {[%emt 0:05:00]} 27. Rxd3 {[%emt 0:00:09]} Rfd8 {[%emt 0:01:48]} 28. Rcd1 {[%emt 0:01:09]} Rac8 {[%emt 0:02:10]} 29. Kf2 {[%emt 0:04:23]} Re8 {[%emt 0:05:00]} 30. Kf3 {[%emt 0:03:04]} g5 {[%emt 0:00:28]} 31. g3 {[%emt 0:10:16]} Kf8 {[%emt 0:01:13]} 32. h4 {[%emt 0:01:42]} gxf4 {[%emt 0:00:54]} 33. gxf4 {[%emt 0:00:08]} Ke7 {[%emt 0:00:08]} 34. Ng4 {[%emt 0:03:39]} Nxg4 {[%emt 0:08:29]} 35. Kxg4 {[%emt 0:00:08]} Kf8 {[%emt 0:00:07]} 36. Nxd5 {[%emt 0:05:33]} Nxa4 {[%emt 0:01:21]} 37. R1d2 {[%emt 0:00:28]} c4 {[%emt 0:03:04]} 38. Ra3 {[%emt 0:01:36]} Nc5 {[%emt 0:00:16]} 39. Nb6 {[%emt 0:03:05]} Nb3 {[%emt 0:02:00]} 40. Rc2 {[%emt 0:01:59]} Rc6 {[%emt 0:02:24]} 41. Nd7+ {[%emt 0:02:27]} Kg7 {[%emt 0:01:24]} 42. Ne5 {[%emt 0:00:39]} Rc5 {[%emt 0:02:08]} 43. Rxc4 {[%emt 0:07:49]} h5+ {[%emt 0:03:50]} 44. Kg3 {[%emt 0:01:25]} Rb5 {[%emt 0:05:11]} 45. Rc7 {[%emt 0:03:10]} Kg8 {[%emt 0:01:30]} 46. Kf2 {[%emt 0:03:35]} Nc5 {[%emt 0:04:04]} 47. Ra1 {[%emt 0:02:07]} Rxe5 {[%emt 0:03:25]} 48. fxe5 {[%emt 0:01:11]} Nd3+ {[%emt 0:00:07]} 49. Kf3 {[%emt 0:03:15]} Nxe5+ {[%emt 0:00:19]} 50. Ke4 {[%emt 0:00:32]} Ng4 {[%emt 0:02:30]} 51. Rf1 {[%emt 0:01:50]} Rb4+ {[%emt 0:02:26]} 52. Kd3 {[%emt 0:00:38]} Rxb2 {[%emt 0:00:45]} 53. Rf5 {[%emt 0:03:42]} Rb3+ {[%emt 0:01:19]} 54. Kd2 {[%emt 0:00:13]} Rb2+ {[%emt 0:01:13]} 55. Kc3 {[%emt 0:01:22]} Rc2+ {[%emt 0:00:19]} 56. Kxc2 {[%emt 0:01:26]} Nxe3+ {[%emt 0:00:06]} 57. Kd2 {[%emt 0:01:51]} Nxf5 {[%emt 0:01:43]} 58. Rc4 {[%emt 0:00:01]} Kg7 {[%emt 0:00:28]} 59. Ke2 {[%emt 0:00:07]} Kg6 {[%emt 0:00:06]} 60. Kf2 {[%emt 0:00:09]} Kf6 {[%emt 0:00:45]} 61. Ra4 {[%emt 0:00:10]} Kg6 {[%emt 0:00:43]} 62. Kg2 {[%emt 0:00:04]} f6 {[%emt 0:02:03]} 63. Kh3 {[%emt 0:00:04]} Nd6 {[%emt 0:00:12]} 64. Rxa5 {[%emt 0:00:08]} Nf5 {[%emt 0:00:05]} 65. Ra4 {[%emt 0:00:12]} Ne3 {[%emt 0:00:19]} 66. Kg3 {[%emt 0:00:17]} Nf5+ {[%emt 0:00:07]} 67. Kf3 {[%emt 0:00:06]} Ng7 {[%emt 0:00:37]} 68. Rb4 {[%emt 0:01:06]} Nf5 {[%emt 0:00:25]} 69. Rf4 {[%emt 0:00:13]} Ng7 {[%emt 0:00:15]} 70. Ke4 {[%emt 0:00:11]} Ne8 {[%emt 0:02:13]} 71. Kd5 {[%emt 0:00:25]} Ng7 {[%emt 0:00:11]} 72. Kd6 {[%emt 0:02:08]} Nf5+ {[%emt 0:00:17]} 73. Ke6 {[%emt 0:00:25]} Ng7+ {[%emt 0:00:04]} 74. Ke7 {[%emt 0:00:07]} Nf5+ {[%emt 0:00:05]} 75. Kf8 {[%emt 0:00:10]} Nxh4 {[%emt 0:02:48]} 76. Rxh4 {[%emt 0:00:13]} Kg5 {[%emt 0:00:06]} 77. Rh1 {[%emt 0:00:12]} h4 {[%emt 0:00:05]} 78. Kf7 {[%emt 0:00:04]} f5 {[%emt 0:00:18]} 79. Ke6 {[%emt 0:03:25]} Kg4 {[%emt 0:01:15]} 80. Rg1+ {[%emt 0:03:38]} Kf4 {[%emt 0:01:42]} 81. Rf1+ {[%emt 0:00:42]} Kg4 {[%emt 0:00:45]} 82. Ke5 {[%emt 0:00:27]} h3 {[%emt 0:00:07]} 83. Kd4 {[%emt 0:00:37]} h2 {[%emt 0:00:29]} 84. Ke3 {[%emt 0:00:36]} Kg3 {[%emt 0:00:10]} 85. Rf3+ {[%emt 0:00:38]} Kg2 {[%emt 0:00:40]} 86. Rf2+ {[%emt 0:00:05]} Kg1 {[%emt 0:00:38]} 87. Rxh2 {[%emt 0:00:04]} Kxh2 {[%emt 0:00:06]} 88. Kf4 {[%emt 0:00:02]} 1/2-1/2

[Event "NOR-chT Eliteserien 2018-19"]
[Site "Norway"]
[Date "2019.01.13"]
[Round "6"]
[White "Hole, Oystein"]
[Black "Bosiocic, Marin"]
[Result "0-1"]
[WhiteElo "2299"]
[BlackElo "2615"]
[Annotator "TA"]
[PlyCount "98"]
[EventDate "2018.11.02"]
[EventType "team-tourn"]
[EventCountry "NOR"]
[SourceTitle "playchess.com"]
[Source "ChessBase"]
[SourceQuality "1"]

{[%evp 19,98,6,6,0,0,0,0,0,0,0,0,0,4,0,10,10,6,7,8,10,7,12,12,15,12,0,0,-1,0,0,-10,-59,-58,-87,-86,-89,-84,-85,-83,-79,-90,-99,0,-88,-87,-80,-78,-96,-14,-14,-14,-14,-14,-18,-18,-18,-20,-20,-20,-22,0,0,0,0,0,0,0,0,0,0,0,0,0,0,0,0,0,-21,-21,-29967,-554]} 1. Nf3 d5 2. d4 Nf6 3. c4 e6 4. Nc3 a6 5. cxd5 exd5 6. Bg5 {D37: Queen's Gambit Declined: 5 Bf4} Be6 7. e3 Nbd7 8. Bd3 Bd6 (8... h6 9. Bf4 g5 10. Bg3 Nh5 11. Be5 Nhf6 12. Bg3 Nh5 13. Qb3 Nxg3 14. hxg3 {½-½ (48) Karjakin,S (2773)-Caruana,F (2822) Saint Louis 2018}) 9. Qc2 c6 10. O-O Qc7 {LiveBook: 12 Games} 11. Bh4 h6 12. Rfe1 O-O 13. Bg3 Bxg3 $146 ({Predecessor:} 13... Rfe8) 14. hxg3 Qd6 15. Rac1 Rfc8 16. Na4 b6 17. Ne5 c5 18. Nxd7 Nxd7 19. dxc5 bxc5 20. Red1 Rab8 21. Be2 a5 22. Rd2 Nb6 23. Bf3 ({Wrong is} 23. Nxc5 $2 Nd7 $19) 23... Qe5 24. Nxb6 ({Avoid the trap} 24. Nxc5 $2 Nd7 $19) 24... Rxb6 25. Qc3 d4 $1 {[%cal Rd4c3]} 26. Qxa5 dxe3 27. Re1 exf2+ 28. Kxf2 Qb8 29. b3 Rb5 30. Qa6 Rb6 31. Qa5 $1 c4 32. bxc4 Rxc4 33. Qe5 Qa7 (33... Ra4 $17 34. Qxb8+ Rxb8) 34. Rd8+ $11 Kh7 35. Be4+ f5 $1 36. Bxf5+ Bxf5 37. Qxf5+ Rg6+ 38. Kf1 {[#] aiming for Rd6.} Qa6 {( -> ...Rf4+)} 39. Qd3 Qf6+ 40. Kg1 {Strongly threatening Ree8.} Qb6+ 41. Kh2 {Ree8 would kill now.} Rc5 {[%cal Rc5h5]} 42. Rd5 Rxd5 43. Qxd5 {[%mdl 4096] Endgame Threatens to win with Re8. KQR-KQR} Qf2 44. Qe5 Qxa2 45. Qf5 Qa3 46. g4 {White threatens Re6 and mate.} Qd6+ 47. Kh1 Qc6 48. Qe4 Qf6 49. Qf5 $2 {[%mdl 8192] [#]} (49. Kg1 $11) 49... Qh4+ {[%mdl 64] Double Attack. Accuracy: White = 59%, Black = 84%.} 0-1

[Event "NOR-chT Eliteserien 2018-19"]
[Site "Norway"]
[Date "2019.01.13"]
[Round "6"]
[White "Storme, Isak"]
[Black "Lundeby, Oyvind Andersen"]
[Result "1/2-1/2"]
[WhiteElo "2271"]
[BlackElo "2152"]
[Annotator "NA"]
[PlyCount "102"]
[EventDate "2018.11.02"]
[EventType "team-tourn"]
[EventCountry "NOR"]
[SourceTitle "playchess.com"]
[Source "ChessBase"]
[SourceQuality "1"]
[TimeControl "40/5400+30:1800+30"]

1. e4 {[%emt 0:00:00]} d6 {[%emt 0:00:00]} 2. d4 {[%emt 0:00:02]} Nf6 {[%emt 0:00:02]} 3. Nc3 {[%emt 0:00:26]} e5 {[%emt 0:00:21]} 4. dxe5 {[%emt 0:01:13]} dxe5 {[%emt 0:00:03]} 5. Qxd8+ {[%emt 0:00:09]} Kxd8 {[%emt 0:00:03]} 6. Bg5 {[%emt 0:00:10]} Be6 {[%emt 0:01:15]} 7. f4 {[%emt 0:07:58]} exf4 {[%emt 0:02:07]} 8. Nf3 {[%emt 0:02:42]} h6 {[%emt 0:06:10]} 9. Bxf4 {[%emt 0:01:24]} c6 {[%emt 0:11:15]} 10. Nd4 {[%emt 0:06:31]} Nbd7 {[%emt 0:08:47]} 11. O-O-O {[%emt 0:08:22]} Bb4 {[%emt 0:04:39]} 12. Ba6 {[%emt 0:17:16]} Kc8 {[%emt 0:10:17]} 13. Nxe6 {[%emt 0:12:48]} fxe6 {[%emt 0:01:04]} 14. Bc4 {[%emt 0:01:04]} e5 {[%emt 0:03:36]} 15. Bg3 {[%emt 0:00:22]} Kc7 {[%emt 0:01:16]} 16. Rhf1 {[%emt 0:03:22]} Rhe8 {[%emt 0:03:56]} 17. Ne2 {[%emt 0:05:33]} Nxe4 {[%emt 0:14:14]} 18. Rf7 {[%emt 0:01:20]} Re7 {[%emt 0:01:30]} 19. Rxe7 {[%emt 0:04:21]} Bxe7 {[%emt 0:00:03]} 20. Be6 {[%emt 0:00:50]} Nef6 {[%emt 0:02:44]} 21. Nd4 {[%emt 0:01:23]} Bc5 {[%emt 0:11:04]} 22. Nf5 {[%emt 0:01:46]} g6 {[%emt 0:00:42]} 23. Nh4 {[%emt 0:00:25]} g5 {[%emt 0:02:47]} 24. Nf5 {[%emt 0:00:14]} h5 {[%emt 0:00:54]} 25. Bxd7 {[%emt 0:03:10]} Nxd7 {[%emt 0:00:13]} 26. Ng7 {[%emt 0:00:04]} Be3+ {[%emt 0:01:29]} 27. Kb1 {[%emt 0:00:06]} Rh8 {[%emt 0:00:52]} 28. Ne6+ {[%emt 0:02:04]} Kc8 {[%emt 0:00:11]} 29. h4 {[%emt 0:00:59]} gxh4 {[%emt 0:01:30]} 30. Bxh4 {[%emt 0:00:05]} Rg8 {[%emt 0:00:36]} 31. g3 {[%emt 0:00:38]} Nc5 {[%emt 0:01:23]} 32. Re1 {[%emt 0:07:44]} Nxe6 {[%emt 0:00:48]} 33. Rxe3 {[%emt 0:00:05]} Rf8 {[%emt 0:00:31]} 34. b3 {[%emt 0:03:25]} Rf5 {[%emt 0:00:27]} 35. Kb2 {[%emt 0:00:43]} Kc7 {[%emt 0:02:30]} 36. a4 {[%emt 0:03:55]} Nd4 {[%emt 0:01:44]} 37. Re4 {[%emt 0:01:07]} Ne6 {[%emt 0:02:55]} 38. g4 {[%emt 0:00:55]} hxg4 {[%emt 0:00:13]} 39. Rxg4 {[%emt 0:00:04]} Rf4 {[%emt 0:00:13]} 40. Rg6 {[%emt 0:00:21]} Rxh4 {[%emt 0:02:14]} 41. Rxe6 {[%emt 0:04:35]} Re4 {[%emt 0:03:44]} 42. Re7+ {[%emt 0:00:44]} Kb6 {[%emt 0:00:35]} 43. Kc3 {[%emt 0:00:39]} a5 {[%emt 0:02:39]} 44. Kd3 {[%emt 0:01:25]} Rd4+ {[%emt 0:01:57]} 45. Ke3 {[%emt 0:00:07]} Rd1 {[%emt 0:01:25]} 46. Ke2 {[%emt 0:00:54]} Rd5 {[%emt 0:00:53]} 47. c4 {[%emt 0:01:30]} Rc5 {[%emt 0:03:26]} 48. Ke3 {[%emt 0:02:02]} e4 {[%emt 0:01:13]} 49. Kxe4 {[%emt 0:01:21]} Rh5 {[%emt 0:00:10]} 50. Kd4 {[%emt 0:00:10]} Rh4+ {[%emt 0:00:44]} 51. Kc3 {[%emt 0:00:13]} Rh3+ {[%emt 0:00:08]} 1/2-1/2